000
00420nam a22001697a 4500
003
MPLRDC
005
20220104144143.0
008
210129b ||||| |||| 00| 0 eng d
082
_a
307.8 HL
100
_a
华林、梅杨编译
245
_a
二十世纪科学技术的进展
_c
250
_a
初版
260
_a
_b
科学普及出版社
_c
1981
300
_b
平
650
_a
科学技术
942
_c
BK
_o
307.8 HL
999
_c
46899
_d
46889